000 00367nam a2200157Ia 4500
003 0STCL
008 150530s9999 xx 000 0 und d
040 _aSTCL
_cSTCL
100 _aMahajan,V.D; Gahrana,G.K Ed.
245 _aSelect modern Govetrnment
260 _bS.Chand
_c1956
546 _aEnglish
942 _2ddc
_cBK
999 _c7322
_d7322
005 20220125165448.0